00369nam a2200133Ia 4500008004100000041000800041082001400049100001300063245005300076250001200129260005600141300000800197650003000205230711s9999||||xx |||||||||||||| ||und|| aENG a658bUD-Q aUdpa,S.R 0aQuality circles : Progress through participation a1st Ed. c1994aNew DelhibTata McGraw Hill Education Limited a266 aUNIVESITY BUSNIESS SCHOOL